Name a Valid U.S. State - Rivers and Basins - Statistics

General Stats
  • This quiz has been taken 101 times
  • The average score is 15 of 20
Answer Stats
Name a state ... Answer % Correct
that has desert regions but does not border the Colorado River Alaska | Idaho | Montana | New Mexico | Oregon | Texas | Washington | Wyoming
98%
that is landlocked but not in the Mississippi River Basin Arizona | Idaho | Michigan | Nevada | Utah | Vermont
98%
that is in New England but does not touch the Connecticut River Maine | Rhode Island
98%
that touches more than one river over 1,000 miles long Arkansas | Colorado | Iowa | Kansas | Louisiana | Missouri | Oklahoma | Oregon | Texas | Washington
94%
that is in the Midwest but does not touch the Mississippi or Missouri River Indiana | Michigan | Ohio
91%
that borders one or more Great Lakes but does not touch the Ohio River Michigan | Minnesota | New York | Wisconsin
91%
that only touches rivers and streams less than 100 miles long Hawaii | Rhode Island
90%
that touches a river over 1,000 miles long that begins in Canada Alaska | Oregon | Washington
88%
that has land in the Great Basin California | Idaho | Nevada | Oregon | Utah | Wyoming
86%
that touches a river over 400 miles long which doesn't touch any other U.S. state Alaska | California | Idaho | Montana | North Dakota | Texas | Wisconsin
84%
that touches the Continental Divide Alaska | Colorado | Idaho | Montana | New Mexico | Wyoming
84%
that shares a river border with Mexico Arizona | Texas
81%
that shares a river border with Canada Maine | Michigan | Minnesota | New Hampshire | New York
78%
that includes part of a metropolitan area on the Mississippi River with over 1,000,000 people Arkansas | Illinois | Louisiana | Minnesota | Mississippi | Missouri | Tennessee
75%
that is in the contiguous U.S. and has no river border with any other U.S. state Colorado | Massachusetts | Montana | Utah | Wyoming
62%
whose capital city lies on a river sharing that state's name Alabama | Arkansas | Connecticut | Kansas | Kentucky | Missouri
59%
that contains the headwaters of more than one river over 1,000 miles long Colorado
53%
whose capital city lies on a river that shares its name with a different state Louisiana | Minnesota | New Jersey | North Dakota | South Dakota | Texas
46%
that has two different borders with other states consisting of rivers whose names begin with the same four letters Georgia | Iowa | Missouri
40%
whose capital city lies on a river immediately across from another state New Jersey
31%
No matching quizzes found
Score Distribution
Percent of People with Each Score
Percentile by Number Answered
Your Score History
You have not taken this quiz